LEADER 01501nam2 2200373 i 450 001 SUN0125916 005 20200429114702.109 010 $d0.00 017 70$2N$a9783319759265 100 $a20191217d2018 |0engc50 ba 101 $aeng 102 $aCH 105 $a|||| ||||| 200 1 $a<<*Cancer>> 2$fMichael J. Waring 205 $aCham : Springer, 2018 210 $aXIV$d475 p.$cill. ; 24 cm 215 $aPubblicazione in formato elettronico 461 1$1001SUN0125914$12001 $a*Cancer$fMichael J. Waring$v2$1210 $aCham$cSpringer$d2018$1215 $avoll.$d24 cm. 620 $aCH$dCham$3SUNL001889 676 $a576.5$cGenetica$v22 676 $a572$cBiochimica. Citochimica. Istochimica$v22 676 $a540$cChimica generale$v22 676 $a615.19$cChimica farmaceutica. Tecnologia farmaceutica$v22 676 $a616.027$cMedicina sperimentale$v22 700 1$aWaring$b, Michael J.$3SUNV016859$0728341 712 $aSpringer$3SUNV000178$4650 790 1$aWaring, M.J.$zWaring, Michael J.$3SUNV065572 790 1$aWaring, M. J.$zWaring, Michael J.$3SUNV065573 801 $aIT$bSOL$c20200921$gRICA 856 4 $uhttps://link.springer.com/book/10.1007%2F978-3-319-75926-5#toc 912 $aSUN0125916 950 $aUFFICIO DI BIBLIOTECA DEL DIPARTIMENTO DI SCIENZE E TECNOLOGIE AMBIENTALI BIOLOGICHE E FARMACEUTICHE$d17CONS e-book 2112 $e17BIB2112 344 20191217 996 $aCancer 2$91568682 997 $aUNICAMPANIA LEADER 01059nam a2200265 i 4500 001 991002384309707536 008 070427s1997 de b 001 0 ger 020 $a3787313265 035 $ab13519128-39ule_inst 040 $aDip.to Filologia Class. e Scienze Filosofiche$bita 082 00$a113 082 0 $a193 100 1 $aKant, Immanuel$048116 245 10$aMetaphysische Anfangsgründe der Naturwissenschaft /$cImmanuel Kant ; mit einer Einleitung herausgegeben von Konstantin Pollok 260 $aHamburg :$bMeiner,$cc1997 300 $aXCII, 159 p. ;$c19 cm 490 0 $aPhilosophische Bibliothek ;$v508 504 $aBibliografia: p. LXIII-XCII. Indici 700 1 $aPollok, Konstantin 907 $a.b13519128$b02-04-14$c27-04-07 912 $a991002384309707536 945 $aLE007 193 KAN 01.02$g1$i2007000136324$lle007$nLE007 2007 Minazzi$op$pE18.80$q-$rl$s- $t0$u0$v0$w0$x0$y.i14642566$z08-01-08 996 $aMetaphysische Anfangsgrunde der Naturwissenschaft$920790 997 $aUNISALENTO 998 $ale007$b27-04-07$cm$da $e-$fger$gde $h0$i0